Normal view
MARC view
- EMPLOYEES TRAINING OF, EMPLOYEES TRAINIG OF - COMPUTER ASSISTED INSTRUCTION
Entry Topical Term
001 - CONTROL NUMBER
- control field: 64112
003 - CONTROL NUMBER IDENTIFIER
- control field: NUST
005 - DATE AND TIME OF LATEST TRANSACTION
- control field: 20210628203227.0
008 - FIXED-LENGTH DATA ELEMENTS
- fixed length control field: 210628|| aca||aabn | a|a d
040 ## - CATALOGING SOURCE
- Original cataloging agency: NUST
- Transcribing agency: NUST
150 ## - HEADING--TOPICAL TERM
- Topical term or geographic name entry element: EMPLOYEES TRAINING OF, EMPLOYEES TRAINIG OF - COMPUTER ASSISTED INSTRUCTION
670 ## - SOURCE DATA FOUND
- Source citation: Work cat.: (NUST): Rossett, Allison , Sheldon, Kendra 64111, Beyond the podium , delivering training and performance to a digital world, 2001
